[Event "Junior Online 4NCL Division 4"]
[Site "online"]
[Date "2021.02.18"]
[EventDate "2021.02.18"]
[Round "3.11"]
[White "Kammin, Samuel"]
[WhiteElo "1701"]
[WhiteTeam "Farnham Fantasticos"]
[Black "Rupf, Oscar"]
[BlackElo "1419"]
[BlackTeam "Barnet Knights C"]
[Result "1-0"]
[PlyCount "61"]

1. d4 e6 2. Nf3 d5 3. c4 Nc6 4. g3 Bb4+ 5. Bd2 Bd7 6. Bg2 Nf6 7. Bxb4 Nxb4 8. a3 Nc6 9. Nc3 O-O 10. cxd5 Nxd5 11. Nxd5 exd5 12. Qb3 Bf5 13. Qxb7 Qd7 14. Ne5 Nxe5 15. dxe5 Be6 16. Rc1 c6 17. Qxd7 Bxd7 18. O-O Rab8 19. b4 Rfe8 20. f4 Rb6 21. Rc5 Ra6 22. Ra1 Rb8 23. Rcc1 Rb5 24. e4 d4 25. Bf1 h6 26. Bxb5 cxb5 27. Rc7 Bc6 28. Rd1 d3 29. Rxd3 Bxe4 30. Re3 Bf5 31. Kg2 1-0

[Event "Junior Online 4NCL Division 4"]
[Site "online"]
[Date "2021.02.18"]
[EventDate "2021.02.18"]
[Round "3.13"]
[White "Warnock, Oliver"]
[WhiteElo "1143"]
[WhiteTeam "Farnham Fantasticos"]
[Black "Ford, Conor"]
[BlackElo "1381"]
[BlackTeam "Barnet Knights C"]
[Result "0-1"]
[PlyCount "80"]

1. d4 f5 2. c4 Nf6 3. g3 e6 4. Nf3 c6 5. Bg2 d5 6. c5 Be7 7. Bf4 Nbd7 8. O-O O-O 9. Nc3 b6 10. cxb6 axb6 11. a3 Bb7 12. e3 h6 13. Re1 c5 14. Ne5 cxd4 15. exd4 Bd6 16. b4 Ne4 17. Nxe4 fxe4 18. Qb3 Bc8 19. Rac1 Bb7 20. Ng6 Bxf4 21. Nxf4 Qe7 22. Ng6 Qf6 23. Nxf8 Rxf8 24. Rf1 e5 25. dxe5 Nxe5 26. Rc7 Bc8 27. Qxd5+ Be6 28. Qxe4 Ng4 29. Qe2 Ne5 30. Rb7 Bg4 31. Qe1 Bf3 32. Bxf3 Nxf3+ 33. Kg2 Nxe1+ 34. Rxe1 Qc6+ 35. Kg1 Qxb7 36. a4 Qc6 37. b5 Qc4 38. Ra1 Qd4 39. Ra2 Qd1+ 40. Kg2 Qd5+ 0-1

[Event "Junior Online 4NCL Division 4"]
[Site "online"]
[Date "2021.02.18"]
[EventDate "2021.02.18"]
[Round "3.14"]
[White "Bracken, Layla"]
[WhiteElo "1311"]
[WhiteTeam "Barnet Knights C"]
[Black "Cwajna, Harrison"]
[BlackElo "983"]
[BlackTeam "Farnham Fantasticos"]
[Result "0-1"]
[PlyCount "56"]

1. e4 c5 2. Nf3 Nc6 3. Nc3 Nf6 4. b3 g6 5. Bb2 Bh6 6. Na4 O-O 7. Nxc5 d6 8. Na4 Bg4 9. d3 Qa5+ 10. Nc3 Nd4 11. h3 Bxf3 12. gxf3 d5 13. Bg2 Nb5 14. e5 Nxc3 15. Bxc3 Qxc3+ 16. Kf1 Nd7 17. e6 fxe6 18. Rb1 Rac8 19. Qe2 Qxc2 20. Qxe6+ Rf7 21. Re1 Qxd3+ 22. Kg1 Nb6 23. b4 Rc6 24. Qg4 Rc4 25. Qe6 Qf5 26. Qxf5 gxf5 27. Bf1 Rg7+ 28. Kh2 Bf4# 0-1

[Event "Junior Online 4NCL Division 4"]
[Site "online"]
[Date "2021.02.18"]
[EventDate "2021.02.18"]
[Round "3.15"]
[White "Rupf, Oscar"]
[WhiteElo "1419"]
[WhiteTeam "Barnet Knights C"]
[Black "Kammin, Samuel"]
[BlackElo "1701"]
[BlackTeam "Farnham Fantasticos"]
[Result "0-1"]
[PlyCount "56"]

1. e4 c5 2. Nc3 Nc6 3. Nf3 e6 4. d4 cxd4 5. Nxd4 a6 6. Nxc6 bxc6 7. Bf4 d5 8. e5 Ne7 9. Bd3 Ng6 10. Bg3 Bb4 11. Qd2 d4 12. a3 dxc3 13. bxc3 Be7 14. O-O O-O 15. Rfd1 Qa5 16. Ra2 Nxe5 17. Bxe5 Qxe5 18. h3 Bb7 19. Bc4 Rfd8 20. Qe2 Rxd1+ 21. Qxd1 Rd8 22. Qb1 Ba8 23. Ra1 Qxc3 24. Bd3 Bf6 25. Ra2 c5 26. Bxa6 Bd5 27. Rb2 Qxb2 28. Qxb2 Bxb2 0-1

[Event "Junior Online 4NCL Division 4"]
[Site "online"]
[Date "2021.02.18"]
[EventDate "2021.02.18"]
[Round "3.17"]
[White "Ford, Conor"]
[WhiteElo "1381"]
[WhiteTeam "Barnet Knights C"]
[Black "Warnock, Oliver"]
[BlackElo "1143"]
[BlackTeam "Farnham Fantasticos"]
[Result "1/2-1/2"]
[PlyCount "76"]

1. d4 Nf6 2. e3 g6 3. Bd3 Bg7 4. Nd2 O-O 5. f4 d6 6. Ngf3 Nc6 7. c3 Re8 8. O-O e5 9. fxe5 dxe5 10. e4 exd4 11. cxd4 Nxd4 12. Nxd4 Qxd4+ 13. Kh1 Qxd3 14. Rf3 Qd4 15. Qe2 Bg4 16. Rd3 Bxe2 17. Rxd4 Rad8 18. Nb3 Rxd4 19. Nxd4 Rxe4 20. Nxe2 Rxe2 21. Bg5 h6 22. Bf4 Nd5 23. Bg3 Bxb2 24. Rd1 c6 25. h3 Ne3 26. Bf4 Nxd1 27. Kg1 Re1+ 28. Kh2 g5 29. Bg3 Be5 30. Bxe5 Rxe5 31. a4 Ra5 32. g4 Rxa4 33. h4 f6 34. h5 Rxg4 35. Kh3 Rh4+ 36. Kg3 Rxh5 37. Kg4 Rh4+ 38. Kf5 Kf7 1/2-1/2

[Event "Junior Online 4NCL Division 4"]
[Site "online"]
[Date "2021.02.18"]
[EventDate "2021.02.18"]
[Round "3.18"]
[White "Cwajna, Harrison"]
[WhiteElo "983"]
[WhiteTeam "Farnham Fantasticos"]
[Black "Bracken, Layla"]
[BlackElo "1311"]
[BlackTeam "Barnet Knights C"]
[Result "1-0"]
[PlyCount "169"]

1. d4 g6 2. c4 Bg7 3. Nc3 d6 4. Nf3 Nc6 5. e3 Bg4 6. h3 Bd7 7. g4 e5 8. Bg2 exd4 9. exd4 Nge7 10. Be3 f5 11. g5 O-O 12. O-O Be8 13. Qb3 Rb8 14. Rad1 Bf7 15. d5 Ne5 16. Nxe5 Bxe5 17. Bxa7 Ra8 18. Be3 b6 19. h4 f4 20. Bc1 Qd7 21. a4 Bxc3 22. bxc3 Be8 23. Qb5 Rxa4 24. Qxd7 Bxd7 25. Rd4 f3 26. Bh1 Nf5 27. Rf4 Ng7 28. Rxf8+ Kxf8 29. Bxf3 Rxc4 30. Bd2 Rxh4 31. Bg2 Rg4 32. f3 Rc4 33. Ra1 Nf5 34. Bf1 Rc5 35. c4 Ng3 36. Bb4 Nxf1 37. Bxc5 bxc5 38. Kxf1 Kf7 39. Ra7 Ke8 40. Rxc7 Ke7 41. Ra7 Ke8 42. Ke2 Ke7 43. Ke3 Ke8 44. Ra8+ Ke7 45. Rh8 Ba4 46. Rxh7+ Kf8 47. Ra7 Bb3 48. Kd3 Bd1 49. Ke3 Bb3 50. Kd3 Bd1 51. f4 Bg4 52. Ke3 Bf5 53. Kd2 Bg4 54. Kc3 Bf5 55. Kb3 Bd3 56. Kc3 Bf5 57. Ra1 Ke7 58. Ra7+ Ke8 59. Ra3 Ke7 60. Ra7+ Ke8 61. Kd2 Kf8 62. Ra1 Ke7 63. Re1+ Kd7 64. Kc3 Kc7 65. Kb3 Kb6 66. Rc1 Kc7 67. Ka4 Kb6 68. Kb3 Kc7 69. Ka3 Kb6 70. Ka4 Kc7 71. Ka5 Kb7 72. Rc3 Kc7 73. Ka6 Be4 74. Ka7 Bf5 75. Rb3 Bc8 76. Re3 Bf5 77. Re7+ Kd8 78. Rg7 Kc8 79. Kb6 Kd8 80. Kc6 Ke8 81. Kxd6 Kf8 82. Ra7 Ke8 83. Kxc5 Kd8 84. Kc6 Kc8 85. Ra8# 1-0

[Event "Junior Online 4NCL Division 4"]
[Site "online"]
[Date "2021.02.18"]
[EventDate "2021.02.18"]
[Round "3.21"]
[White "Milani-Foglia, Aurelio"]
[WhiteElo "1281"]
[WhiteTeam "Edgware Gambits D"]
[Black "Korossy, Nandi"]
[BlackElo "1610"]
[BlackTeam "Wanstead Warriors 1"]
[Result "0-1"]
[PlyCount "40"]

1. e4 c6 2. d4 d5 3. f3 dxe4 4. fxe4 e5 5. c3 Qh4+ 6. Kd2 Qxe4 7. Nf3 exd4 8. cxd4 Bb4+ 9. Nc3 Nf6 10. Bc4 O-O 11. a3 Bxc3+ 12. bxc3 Be6 13. Ba2 Nbd7 14. g3 Bg4 15. Rf1 c5 16. Bb1 Qc6 17. Bb2 cxd4 18. Nxd4 Qg2+ 19. Kc1 Bxd1 20. Rxd1 Qxh2 0-1

[Event "Junior Online 4NCL Division 4"]
[Site "online"]
[Date "2021.02.18"]
[EventDate "2021.02.18"]
[Round "3.22"]
[White "Demetriou, Jay"]
[WhiteElo "1519"]
[WhiteTeam "Wanstead Warriors 1"]
[Black "Zhou, Richard"]
[BlackElo "1300"]
[BlackTeam "Edgware Gambits D"]
[Result "1-0"]
[PlyCount "131"]

1. e4 c5 2. Nf3 Nc6 3. d4 cxd4 4. Nxd4 e5 5. Nf3 Nf6 6. Nc3 Bb4 7. Bd3 d5 8. exd5 Nxd5 9. Bd2 Bxc3 10. Bxc3 Nxc3 11. bxc3 O-O 12. O-O Re8 13. Re1 Bg4 14. Rb1 Rb8 15. h3 Bh5 16. Be4 Qxd1 17. Rexd1 Bxf3 18. Bxf3 e4 19. Bg4 g6 20. Be2 f5 21. Bc4+ Kg7 22. Rd7+ Kh6 23. Rbxb7 Rxb7 24. Rxb7 Na5 25. Bf7 Nxb7 26. Bxe8 Nd6 27. Bc6 Kg5 28. Kf1 Kf4 29. Ke2 Nc4 30. f3 Na3 31. fxe4 Nxc2 32. exf5 gxf5 33. c4 Nd4+ 34. Kd3 Nxc6 35. c5 Ke5 36. Kc4 Ke6 37. Kb5 Nd4+ 38. Kc4 Nc6 39. Kb5 Kd7 40. a4 Kc7 41. a5 Nd4+ 42. Kc4 Ne2 43. Kb5 Kb7 44. c6+ Kb8 45. Ka6 Nc3 46. c7+ Kxc7 47. Kxa7 Nb5+ 48. Ka6 Nd6 49. Ka7 Nc4 50. a6 Kc8 51. Ka8 Ne3 52. g3 Nf1 53. Ka7 Nxg3 54. Kb6 f4 55. a7 f3 56. a8=Q+ Kd7 57. Qc6+ Ke7 58. Qxf3 Nh5 59. Qxh5 Kf6 60. Kc5 Kg7 61. Qf5 Kh8 62. Kd6 Kg7 63. Ke7 h5 64. Qg5+ Kh7 65. Kf7 h4 66. Qg7# 1-0

[Event "Junior Online 4NCL Division 4"]
[Site "online"]
[Date "2021.02.18"]
[EventDate "2021.02.18"]
[Round "3.23"]
[White "Kataria, Dhairya"]
[WhiteElo "1298"]
[WhiteTeam "Edgware Gambits D"]
[Black "Walsh, Cole"]
[BlackElo "1478"]
[BlackTeam "Wanstead Warriors 1"]
[Result "0-1"]
[PlyCount "122"]

1. e4 e5 2. Nf3 Nf6 3. Nc3 Nc6 4. Bc4 Nxe4 5. Nxe4 d5 6. Bd3 dxe4 7. Bxe4 Bd7 8. d3 Bc5 9. O-O O-O 10. Bd2 Re8 11. Qe2 Qe7 12. Rfe1 Rad8 13. Rad1 Nb4 14. Bxb4 Bxb4 15. c3 Ba5 16. b4 Bb6 17. d4 exd4 18. cxd4 Bf5 19. Nd2 a5 20. Qf3 g6 21. Bxf5 Qxe1+ 22. Rxe1 Rxe1+ 23. Nf1 gxf5 24. Qxf5 Rxd4 25. Qg5+ Kf8 26. Qh6+ Ke8 27. Qxh7 Rdd1 28. Qh8+ Ke7 29. Qh4+ f6 30. Qh7+ Ke6 31. Qh3+ Kd5 32. g3 axb4 33. Kg2 Rxf1 34. Qf5+ Kc4 35. Qe6+ Kb5 36. Qe2+ Ka4 37. Qc2+ Ka5 38. Qf5+ Ka6 39. Qc2 Rxf2+ 40. Qxf2 Bxf2 41. Kxf2 Rd2+ 42. Ke3 Rxa2 43. Kd4 b3 44. Kc3 b2 45. Kc2 Kb5 46. h4 Kc6 47. g4 Kd7 48. h5 Ke7 49. h6 Kf8 50. g5 fxg5 51. h7 Kg7 52. h8=Q+ Kxh8 53. Kb1 Ra6 54. Kxb2 g4 55. Kc2 g3 56. Kd2 g2 57. Ke2 g1=Q 58. Kf3 Ra4 59. Ke2 Qg3 60. Kd2 Ra2+ 61. Kd1 Qg1# 0-1

[Event "Junior Online 4NCL Division 4"]
[Site "online"]
[Date "2021.02.18"]
[EventDate "2021.02.18"]
[Round "3.24"]
[White "Stevens, Tobias"]
[WhiteElo "1468"]
[WhiteTeam "Wanstead Warriors 1"]
[Black "Barbier-Ramaiah, Rohan Theo"]
[BlackElo "1218"]
[BlackTeam "Edgware Gambits D"]
[Result "0-1"]
[PlyCount "68"]

1. e4 e5 2. Nf3 Nc6 3. Bc4 Be7 4. d3 Nf6 5. Nc3 O-O 6. Be3 d6 7. d4 exd4 8. Nxd4 Nxd4 9. Bxd4 Be6 10. Bxe6 fxe6 11. O-O e5 12. Be3 c6 13. Qd2 d5 14. exd5 cxd5 15. Bg5 d4 16. Bxf6 Rxf6 17. Ne4 Rf8 18. Rad1 Qd5 19. f3 Qxa2 20. b3 Qa6 21. Qc1 Rac8 22. Qd2 Qb6 23. Nf2 Qc5 24. Rc1 Qb6 25. Rfd1 h6 26. Kh1 Bg5 27. Qd3 Bxc1 28. Rxc1 Qb4 29. Ne4 Qa3 30. Re1 Qb2 31. h3 Rxc2 32. Kh2 Rxg2+ 33. Kh1 Rh2+ 34. Kg1 Qg2# 0-1

[Event "Junior Online 4NCL Division 4"]
[Site "online"]
[Date "2021.02.18"]
[EventDate "2021.02.18"]
[Round "3.25"]
[White "Korossy, Nandi"]
[WhiteElo "1610"]
[WhiteTeam "Wanstead Warriors 1"]
[Black "Milani-Foglia, Aurelio"]
[BlackElo "1281"]
[BlackTeam "Edgware Gambits D"]
[Result "1-0"]
[PlyCount "27"]

1. e4 e6 2. d4 d5 3. e5 c5 4. c3 Nc6 5. Nf3 Qb6 6. Be2 Nge7 7. O-O Nf5 8. dxc5 Bxc5 9. b4 Be7 10. Bd3 Qc7 11. Bxf5 exf5 12. Bf4 f6 13. exf6 Bxf6 14. Bxc7 1-0

[Event "Junior Online 4NCL Division 4"]
[Site "online"]
[Date "2021.02.18"]
[EventDate "2021.02.18"]
[Round "3.26"]
[White "Zhou, Richard"]
[WhiteElo "1300"]
[WhiteTeam "Edgware Gambits D"]
[Black "Demetriou, Jay"]
[BlackElo "1519"]
[BlackTeam "Wanstead Warriors 1"]
[Result "0-1"]
[PlyCount "140"]

1. d4 d5 2. c4 e6 3. Nc3 Nf6 4. Nf3 Nbd7 5. Bf4 c6 6. e3 Nh5 7. Bg3 Nxg3 8. fxg3 Nf6 9. Bd3 Bd6 10. e4 dxe4 11. Nxe4 Bb4+ 12. Nc3 Qa5 13. Qc2 Ng4 14. Qd2 Ne3 15. Kf2 Ng4+ 16. Ke2 O-O 17. Rhe1 Bxc3 18. Qxc3 Qxc3 19. bxc3 Bd7 20. Kf1 c5 21. h3 Nf6 22. Rab1 Bc6 23. Ne5 Rab8 24. d5 exd5 25. cxd5 Bxd5 26. g4 h6 27. h4 a6 28. g5 hxg5 29. hxg5 Nh7 30. Nd7 Nxg5 31. Nxf8 Kxf8 32. Kg1 Bxa2 33. Rb2 Bd5 34. Re5 Bxg2 35. Rxg5 Bc6 36. Rxc5 Rd8 37. Bh7 Rd1+ 38. Kf2 Rh1 39. Bd3 Rh2+ 40. Ke3 Rxb2 41. Rc4 Rg2 42. Rb4 Rg3+ 43. Kd2 Rf3 44. Be4 Bxe4 45. Rxe4 Rf6 46. Rb4 Rd6+ 47. Ke3 b5 48. Ke4 Ke7 49. Rb1 Kf6 50. Rf1+ Ke7 51. Rg1 Re6+ 52. Kd4 g6 53. Kc5 Re3 54. Kb6 Re6+ 55. Ka5 Rc6 56. Kb4 Kd6 57. Rd1+ Kc7 58. Rf1 f6 59. Rg1 f5 60. Rf1 Kb6 61. Rf4 Rc4+ 62. Rxc4 bxc4 63. Kxc4 g5 64. Kd5 g4 65. Kd4 g3 66. Ke3 a5 67. Kf3 a4 68. Kxg3 a3 69. Kf4 a2 70. Kxf5 a1=Q 0-1

[Event "Junior Online 4NCL Division 4"]
[Site "online"]
[Date "2021.02.18"]
[EventDate "2021.02.18"]
[Round "3.27"]
[White "Walsh, Cole"]
[WhiteElo "1478"]
[WhiteTeam "Wanstead Warriors 1"]
[Black "Kataria, Dhairya"]
[BlackElo "1298"]
[BlackTeam "Edgware Gambits D"]
[Result "0-1"]
[PlyCount "178"]

1. e4 c6 2. Nf3 d5 3. Nc3 dxe4 4. Nxe4 Bf5 5. Ng3 Bg6 6. h4 h6 7. Ne5 Bh7 8. Qh5 g6 9. Qf3 Nf6 10. Qb3 e6 11. Qxb7 Nbd7 12. Nxc6 Qc8 13. Ba6 Nb6 14. Nxa7 Qxb7 15. Bxb7 Rxa7 16. Bc6+ Nbd7 17. d3 Bd6 18. Be3 Rc7 19. Ba4 Ng4 20. Bb6 Rb7 21. Bd4 O-O 22. Ne4 Be5 23. Bc6 Rc7 24. Bxe5 Ngxe5 25. Bxd7 Nxd7 26. O-O Rxc2 27. b4 g5 28. Ng3 Bxd3 29. Rac1 gxh4 30. Nh5 Bxf1 31. Rxc2 Bd3 32. Rc1 Bg6 33. Nf4 e5 34. Nd5 Be4 35. Ne7+ Kg7 36. f3 Bd3 37. Nd5 Rd8 38. Rd1 Nf6 39. Rxd3 Rxd5 40. Rb3 Rd1+ 41. Kf2 Rd2+ 42. Ke3 Rxa2 43. b5 Rxg2 44. b6 h3 45. b7 h2 46. b8=Q h1=Q 47. Qxe5 Qe1+ 48. Kf4 Qxe5+ 49. Kxe5 Nd7+ 50. Kd6 Rd2+ 51. Ke7 Nc5 52. Re3 Rd7+ 53. Ke8 h5 54. Rc3 Rc7 55. Kd8 Rc6 56. f4 h4 57. Rh3 Ne6+ 58. Kd7 Ra6 59. Rxh4 Ra7+ 60. Kd6 Ra6+ 61. Kd7 Nc5+ 62. Ke7 Re6+ 63. Kd8 Nb7+ 64. Kd7 Rd6+ 65. Ke7 Re6+ 66. Kd7 Nc5+ 67. Kc7 Kf6 68. Rh6+ Kf5 69. Rh4 Nd3 70. Kd7 Nxf4 71. Rh2 Ke5 72. Re2+ Kd5 73. Rxe6 fxe6 74. Ke7 e5 75. Kf6 e4 76. Kf5 Kd4 77. Kxf4 e3 78. Kf3 Kd3 79. Kg2 e2 80. Kf2 Kd2 81. Kg1 e1=Q+ 82. Kg2 Qe4+ 83. Kf2 Qe3+ 84. Kf1 Qf4+ 85. Kg2 Ke3 86. Kg1 Qf2+ 87. Kh1 Qa2 88. Kg1 Kf3 89. Kf1 Qb1# 0-1

[Event "Junior Online 4NCL Division 4"]
[Site "online"]
[Date "2021.02.18"]
[EventDate "2021.02.18"]
[Round "3.28"]
[White "Barbier-Ramaiah, Rohan Theo"]
[WhiteElo "1218"]
[WhiteTeam "Edgware Gambits D"]
[Black "Stevens, Tobias"]
[BlackElo "1468"]
[BlackTeam "Wanstead Warriors 1"]
[Result "1-0"]
[PlyCount "59"]

1. d4 d5 2. c4 e6 3. Nc3 c6 4. Nf3 Nf6 5. Bg5 Be7 6. e3 O-O 7. Bd3 h6 8. Bh4 Nbd7 9. Qc2 Nb6 10. c5 Nbd7 11. O-O Nb8 12. Rfe1 g6 13. e4 dxe4 14. Nxe4 Nxe4 15. Bxe7 Qxe7 16. Bxe4 h5 17. d5 Bd7 18. dxc6 Bxc6 19. Bxc6 Nxc6 20. Qd2 Rfd8 21. Qh6 Qxc5 22. Ng5 Rd7 23. Qh7+ Kf8 24. Nxe6+ Ke7 25. Nxc5+ Kd6 26. Nxd7 Kxd7 27. Qxf7+ Kc8 28. Re8+ Nd8 29. Qe7 a6 30. Rxd8# 1-0

[Event "Junior Online 4NCL Division 4"]
[Site "online"]
[Date "2021.02.18"]
[EventDate "2021.02.18"]
[Round "3.31"]
[White "Eccleston, Rowan"]
[WhiteElo "1295"]
[WhiteTeam "Manchester Juniors D"]
[Black "De Sousa Muachikape, Jael"]
[BlackElo "1620"]
[BlackTeam "Leeds Juniors 1"]
[Result "0-1"]
[PlyCount "70"]

1. f4 d5 2. Nf3 Nf6 3. e3 c5 4. b3 Nc6 5. Bb5 Bf5 6. Bb2 e6 7. O-O Bd6 8. Qe1 h6 9. Qg3 Nh5 10. Qe1 O-O 11. c3 a6 12. Be2 Nf6 13. c4 Nb4 14. Na3 Nd3 15. Bxd3 Bxd3 16. Rf2 Ne4 17. Ne5 Bxe5 18. Bxe5 Nxf2 19. Qxf2 dxc4 20. Nxc4 Bxc4 21. bxc4 f6 22. Bb2 Qd3 23. Rc1 b5 24. cxb5 axb5 25. Rxc5 Rxa2 26. Bc3 b4 27. Bd4 b3 28. h3 Rxd2 29. Qf3 b2 30. Bxb2 Rxb2 31. Qc6 Qxe3+ 32. Kh2 Qxf4+ 33. Kg1 Rb1+ 34. Rc1 Rxc1+ 35. Qxc1 Qxc1+ 0-1

[Event "Junior Online 4NCL Division 4"]
[Site "online"]
[Date "2021.02.18"]
[EventDate "2021.02.18"]
[Round "3.32"]
[White "Sasikumar, Navaneeth"]
[WhiteElo "1313"]
[WhiteTeam "Leeds Juniors 1"]
[Black "Correa, Edward"]
[BlackElo "1211"]
[BlackTeam "Manchester Juniors D"]
[Result "1/2-1/2"]
[PlyCount "129"]

1. d4 Nf6 2. Nf3 g6 3. Bf4 Bg7 4. e3 d6 5. Bd3 O-O 6. c3 Qe8 7. Nbd2 Nbd7 8. Bg3 e5 9. Qc2 Ng4 10. h3 Nh6 11. O-O-O f6 12. dxe5 fxe5 13. Bc4+ Nf7 14. Bh2 c6 15. e4 Nc5 16. h4 Be6 17. Bxe6 Qxe6 18. Kb1 a6 19. Bg3 b5 20. Ng5 Nxg5 21. hxg5 Qg4 22. Bh4 Qd7 23. Nb3 Nxb3 24. Qxb3+ Rf7 25. Rdf1 a5 26. f3 a4 27. Qc2 a3 28. b3 Qb7 29. Rd1 Rd7 30. Bf2 c5 31. Rd2 b4 32. c4 Rad8 33. Rhd1 Qc7 34. Rd3 Bf8 35. Qd2 Be7 36. Bg3 Kf7 37. Bxe5 Ke6 38. Bg3 Bf8 39. Qf4 Bg7 40. Kc2 Ke7 41. Qg4 Be5 42. Bxe5 dxe5 43. Rxd7+ Rxd7 44. Rxd7+ Qxd7 45. Qxd7+ Kxd7 46. Kd3 Kd6 47. Ke3 Ke6 48. f4 Kd6 49. g3 Ke6 50. g4 Kd6 51. fxe5+ Kxe5 52. Kf3 Kd4 53. Kf4 Kc3 54. e5 Kb2 55. e6 Kxa2 56. e7 Kxb3 57. e8=Q a2 58. Qe1 Kb2 59. Qe2+ Kb1 60. Qd1+ Kb2 61. Qd2+ Kb1 62. Qd3+ Kb2 63. Qd2+ Kb1 64. Qd1+ Kb2 65. Qd2+ 1/2-1/2

[Event "Junior Online 4NCL Division 4"]
[Site "online"]
[Date "2021.02.18"]
[EventDate "2021.02.18"]
[Round "3.33"]
[White "Burke, Alexander"]
[WhiteElo "1133"]
[WhiteTeam "Manchester Juniors D"]
[Black "Krishnan, Aditya"]
[BlackElo "1365"]
[BlackTeam "Leeds Juniors 1"]
[Result "0-1"]
[PlyCount "66"]

1. e4 c5 2. Nf3 d6 3. Nc3 Nf6 4. d3 g6 5. Be2 Nc6 6. O-O Bg7 7. Be3 a6 8. Qd2 O-O 9. h3 b5 10. Nd5 Nxd5 11. exd5 Ne5 12. Bh6 Nxf3+ 13. Bxf3 Bb7 14. c4 b4 15. Rfe1 Bc8 16. Qg5 Re8 17. Re4 Bf5 18. Rh4 Bf6 19. Qf4 Bxh4 20. Qxh4 Bxd3 21. Bg5 Bxc4 22. Qxc4 Qd7 23. Qd3 Qf5 24. Qe3 Kg7 25. Be4 Qd7 26. Bh6+ Kg8 27. b3 Rab8 28. Qe2 e5 29. dxe6 Rxe6 30. Qb2 Re5 31. Bf3 Qe7 32. h4 Re1+ 33. Kh2 Qxh4# 0-1

[Event "Junior Online 4NCL Division 4"]
[Site "online"]
[Date "2021.02.18"]
[EventDate "2021.02.18"]
[Round "3.34"]
[White "Rowe, Angelica"]
[WhiteElo "1350"]
[WhiteTeam "Leeds Juniors 1"]
[Black "Winser, Frederick"]
[BlackElo "1176"]
[BlackTeam "Manchester Juniors D"]
[Result "1-0"]
[PlyCount "103"]

1. e4 e5 2. Bc4 Nc6 3. d3 f6 4. f4 g6 5. Nf3 Bc5 6. Nc3 Nd4 7. Nxd4 exd4 8. Ne2 d6 9. O-O f5 10. Ng3 Nf6 11. e5 dxe5 12. fxe5 Ng4 13. Bf4 Ne3 14. Bxe3 dxe3 15. Ne2 Qe7 16. d4 Be6 17. Bxe6 Qxe6 18. dxc5 Rd8 19. Qe1 Qxe5 20. Qc3 Rd5 21. Qxe5+ Rxe5 22. b4 Re4 23. Rf4 Rxf4 24. Nxf4 g5 25. Nd5 c6 26. Nxe3 Rf8 27. Nc4 h5 28. Nd6+ Ke7 29. Nxb7 Kf6 30. Na5 g4 31. Nxc6 f4 32. Rf1 Kg5 33. Nxa7 Ra8 34. Nb5 Rxa2 35. Nd4 h4 36. Ne6+ Kf5 37. Nxf4 Rxc2 38. Nd3+ Kg5 39. b5 h3 40. gxh3 Kh4 41. hxg4 Kh3 42. Nf2+ Kh4 43. c6 Rc5 44. Rb1 Rc4 45. b6 Rxc6 46. b7 Rc1+ 47. Rxc1 Kg5 48. b8=Q Kh4 49. Nh3 Kxg4 50. Qg8+ Kxh3 51. Rc7 Kh4 52. Rh7# 1-0

[Event "Junior Online 4NCL Division 4"]
[Site "online"]
[Date "2021.02.18"]
[EventDate "2021.02.18"]
[Round "3.35"]
[White "De Sousa Muachikape, Jael"]
[WhiteElo "1620"]
[WhiteTeam "Leeds Juniors 1"]
[Black "Eccleston, Rowan"]
[BlackElo "1295"]
[BlackTeam "Manchester Juniors D"]
[Result "1-0"]
[PlyCount "31"]

1. d4 e6 2. c4 d5 3. Nc3 c5 4. e3 Nc6 5. cxd5 exd5 6. Nf3 Nf6 7. Bd3 Bd6 8. h3 O-O 9. O-O Bc7 10. dxc5 Nd7 11. Nxd5 Nxc5 12. Bc2 Bb8 13. e4 Qd6 14. Bf4 Qg6 15. e5 Bxh3 16. Bxg6 1-0

[Event "Junior Online 4NCL Division 4"]
[Site "online"]
[Date "2021.02.18"]
[EventDate "2021.02.18"]
[Round "3.36"]
[White "Correa, Edward"]
[WhiteElo "1211"]
[WhiteTeam "Manchester Juniors D"]
[Black "Sasikumar, Navaneeth"]
[BlackElo "1313"]
[BlackTeam "Leeds Juniors 1"]
[Result "0-1"]
[PlyCount "58"]

1. d4 g6 2. Nf3 Bg7 3. Bf4 Nf6 4. e3 d6 5. Be2 Nbd7 6. c4 c5 7. d5 Nh5 8. Bg3 Bxb2 9. Nbd2 Bxa1 10. Qxa1 O-O 11. Bh4 h6 12. g4 Ng7 13. g5 h5 14. Ng1 Ne5 15. f4 Ng4 16. Bxg4 Bxg4 17. e4 Rb8 18. Ngf3 e6 19. dxe6 fxe6 20. O-O Rxf4 21. Bg3 Rf8 22. Kg2 Bxf3+ 23. Nxf3 Qe7 24. Ne5 dxe5 25. Rxf8+ Rxf8 26. Bxe5 Qxg5+ 27. Kh1 Qe7 28. Kg2 Qf7 29. Qb2 Qf3+ 0-1

[Event "Junior Online 4NCL Division 4"]
[Site "online"]
[Date "2021.02.18"]
[EventDate "2021.02.18"]
[Round "3.37"]
[White "Krishnan, Aditya"]
[WhiteElo "1365"]
[WhiteTeam "Leeds Juniors 1"]
[Black "Burke, Alexander"]
[BlackElo "1133"]
[BlackTeam "Manchester Juniors D"]
[Result "1-0"]
[PlyCount "59"]

1. c4 e5 2. Nc3 Nf6 3. g3 Nc6 4. Bg2 Be7 5. d3 d6 6. e4 O-O 7. Nge2 Bg4 8. O-O Nd4 9. f3 Nxe2+ 10. Qxe2 Be6 11. f4 exf4 12. gxf4 Bg4 13. Bf3 Bxf3 14. Qxf3 c6 15. f5 Nd7 16. d4 Bg5 17. Kh1 Bxc1 18. Raxc1 f6 19. Rg1 Qe7 20. Rg4 Rf7 21. Ne2 c5 22. Rh4 cxd4 23. Nxd4 Ne5 24. Qh3 h6 25. Ne6 Nd7 26. Rg1 Re8 27. Rxh6 Rff8 28. Rh8+ Kf7 29. Qh5+ g6 30. Qxg6# 1-0

[Event "Junior Online 4NCL Division 4"]
[Site "online"]
[Date "2021.02.18"]
[EventDate "2021.02.18"]
[Round "3.38"]
[White "Winser, Frederick"]
[WhiteElo "1176"]
[WhiteTeam "Manchester Juniors D"]
[Black "Rowe, Angelica"]
[BlackElo "1350"]
[BlackTeam "Leeds Juniors 1"]
[Result "0-1"]
[PlyCount "48"]

1. e4 e6 2. Nf3 d5 3. d3 c6 4. Bf4 Bd6 5. Bxd6 Qxd6 6. c4 Ne7 7. b3 c5 8. cxd5 exd5 9. e5 Qb6 10. Be2 O-O 11. d4 cxd4 12. Nxd4 Nbc6 13. Nxc6 bxc6 14. O-O Qc7 15. Nc3 Qxe5 16. Rc1 Nf5 17. Bg4 Nh6 18. Bxc8 Raxc8 19. Re1 Qf4 20. g3 Qf6 21. Qc2 Ng4 22. Nxd5 cxd5 23. Qxc8 Qxf2+ 24. Kh1 Qxh2# 0-1

[Event "Junior Online 4NCL Division 4"]
[Site "online"]
[Date "2021.02.18"]
[EventDate "2021.02.18"]
[Round "3.41"]
[White "Qiu, Calvin"]
[WhiteElo "1073"]
[WhiteTeam "Muswell Hill Knights"]
[Black "Bhattacharya, Cali"]
[BlackElo "1331"]
[BlackTeam "Tetherdown Bishops"]
[Result "1-0"]
[PlyCount "113"]

1. e4 e6 2. d4 d5 3. e5 c5 4. c3 Nc6 5. Nf3 Nge7 6. Nbd2 Nf5 7. Bd3 cxd4 8. Bxf5 dxc3 9. bxc3 exf5 10. O-O Be7 11. Qc2 O-O 12. Nb3 Be6 13. Nbd4 Nxd4 14. Nxd4 Bg5 15. f4 Bh6 16. Nxf5 Bxf5 17. Qxf5 g6 18. Qh3 Bg7 19. Be3 f6 20. e6 Re8 21. f5 Qe7 22. Bh6 gxf5 23. Rxf5 Qxe6 24. Bxg7 Kxg7 25. Raf1 Rf8 26. Rg5+ fxg5 27. Qxe6 Rfe8 28. Qf7+ Kh8 29. Qxb7 Rab8 30. Qxa7 Ra8 31. Qf2 Kg7 32. Re1 Rf8 33. Qd4+ Rf6 34. Re7+ Kg6 35. Qd3+ Kh5 36. Rxh7+ Kg4 37. h3+ Kf4 38. Qf3+ Ke5 39. Re7+ Re6 40. Rxe6+ Kxe6 41. Qg4+ Kf6 42. Qd4+ Ke6 43. c4 dxc4 44. Qe4+ Kd6 45. Qxa8 Kc5 46. Qa3+ Kd4 47. Qc1 c3 48. a3 Kc4 49. Qxg5 Kb3 50. Qc1 Ka4 51. h4 Kb3 52. h5 Ka2 53. h6 Kb3 54. h7 Ka2 55. h8=Q Kb3 56. Qhxc3+ Ka4 57. Qb4# 1-0

[Event "Junior Online 4NCL Division 4"]
[Site "online"]
[Date "2021.02.18"]
[EventDate "2021.02.18"]
[Round "3.42"]
[White "Leustean, Maia"]
[WhiteElo "1059"]
[WhiteTeam "Tetherdown Bishops"]
[Black "Bedretdinov, Ruslan"]
[BlackElo "1120"]
[BlackTeam "Muswell Hill Knights"]
[Result "0-1"]
[PlyCount "70"]

1. e4 e5 2. Nf3 Nc6 3. Bc4 Nf6 4. O-O Nxe4 5. d3 Nf6 6. Bg5 Be7 7. Bxf6 Bxf6 8. Nc3 O-O 9. Ne4 d5 10. Nxf6+ Qxf6 11. Bxd5 Nd4 12. Nxd4 exd4 13. Be4 Qg5 14. c3 dxc3 15. bxc3 f5 16. Bd5+ Kh8 17. c4 f4 18. h3 Bxh3 19. Qf3 Bg4 20. Qe4 f3 21. g3 Qh5 22. Bxb7 Qh3 23. Qxf3 Bxf3 24. Bxf3 Rxf3 25. Rfb1 Rxd3 26. Rd1 Rxd1+ 27. Rxd1 h6 28. Rb1 Rf8 29. Rb2 Qe6 30. c5 Qe1+ 31. Kg2 c6 32. a4 Rf5 33. Rc2 Rh5 34. Kf3 Qd1+ 35. Kg2 Qh1# 0-1